| 000 -LEADER |
| fixed length control field |
00588nam a2200205Ia 4500 |
| 001 - CONTROL NUMBER |
| control field |
9426 |
| 003 - CONTROL NUMBER IDENTIFIER |
| control field |
GE_BSU |
| 008 - FIXED-LENGTH DATA ELEMENTS--GENERAL INFORMATION |
| fixed length control field |
181216s||||||||xx |||||||||||||| ||und|| |
| 040 ## - CATALOGING SOURCE |
| Transcribing agency |
GE_BSU |
| 080 ## - UNIVERSAL DECIMAL CLASSIFICATION NUMBER |
| Universal Decimal Classification number |
550.34 |
| 100 ## - MAIN ENTRY--PERSONAL NAME |
| Personal name |
Медведев,С.В. |
| 245 ## - TITLE STATEMENT |
| Title |
Инженерная сейсмология. |
| 245 ## - TITLE STATEMENT |
| Statement of responsibility, etc. |
Науч. ред. М.Г.Корф. |
| 260 ## - PUBLICATION, DISTRIBUTION, ETC. |
| Place of publication, distribution, etc. |
М. |
| 260 ## - PUBLICATION, DISTRIBUTION, ETC. |
| Name of publisher, distributor, etc. |
Госстройиздат. |
| 260 ## - PUBLICATION, DISTRIBUTION, ETC. |
| Date of publication, distribution, etc. |
1962. |
| 300 ## - PHYSICAL DESCRIPTION |
| Extent |
283 стр. с илл. 21см. Библиогр.:стр.279-282. |
| 653 ## - INDEX TERM--UNCONTROLLED |
| Uncontrolled term |
Инженерная сейсмология. |
| 942 ## - ADDED ENTRY ELEMENTS (KOHA) |
| Koha item type |
წიგნი |